| 000 | 01401cad a22002415a 4500 | ||
|---|---|---|---|
| 001 | L137502 | ||
| 008 | 070412s2007 xxkabdof 000 0 eng d | ||
| 035 | _a(Sirsi) u137502 | ||
| 041 | 0 | _aeng | |
| 050 | 0 | 4 | _a717 $2 18 |
| 110 | 2 |
_aLondon _bGreater London Authority _93989 |
|
| 245 | 0 | 0 |
_aLondon view management framework _bthe London Plan Supplementary Planning Guidance _h[electronic resource] |
| 260 |
_aLondon _bGreater London Authority _c2007 |
||
| 520 | _aProvides guidance on policies within the London Plan with respect to the protection of strategic views and proposes to update the regional guidance in RPG3a, 1991. Explains the London View Protection Framework and how designated views and important landmarks within them are to be treated. Promotes a method of assessment which will help with the management of these views. Elaborates on the treatment of 26 management plans for strategic views in London and will be of interest to boroughs and other stakeholders affected by these. | ||
| 590 | _aKA | ||
| 650 | 2 | 4 | _aSKYLINE |
| 650 | 2 | 4 | _aLONDON PLAN SUPPLEMENTARY PLANNING GUIDANCE |
| 650 | 2 | 4 | _aRPG3A |
| 651 | 4 | _aLONDON | |
| 690 | _aENVIRONMENTAL AND LAND CONSULTANCY-PLANNING AND DEVELOPMENT-DEVELOPMENT CONTROL | ||
| 856 | 4 | 0 |
_uhttps://www.london.gov.uk/archive/mayor/strategies/sds/docs/spg-views-final-all.pdf _zView the item free of charge at www.london.gov.uk |
| 942 | _n0 | ||
| 999 |
_c106803 _d106803 |
||